00591 2200229 4500001002100000005001500021035002000036007000300056008004100059020002200100082001000122084001600132100001900148245004300167250001100210260003800221300003800259650002100297504002400318990000900342990001000351INLIS00000000000146620180207030805 a0010-0218000061ta180207 g 0 ind  a978-979-002-685-8 a685.6 a685.6 YAT b0 aYATI, Supriati1 aBertanam Tomat di Pot /cYati Supriati acet. 4 aJakarta :bPenebar Swadaya,c2015 aiv, 84 hlm :b.ilus ;c15 x 23 cm aPERKEBUNAN TOMAT aBibliografi; Hlm 82 a5887 a5887a